NBA Players By Their Team And Number - Statistics

General Stats
  • This quiz has been taken 94 times
  • The average score is 7 of 15
Answer Stats
Team Player % Correct
Golden State Warriors (30) Stephen Curry
100%
Dallas Mavericks (77) Luka Doncic
79%
Los Angeles Clippers (1) James Harden
61%
Boston Celtics (9) Derrick White
53%
Sacramento Kings (10) DeMar DeRozan
49%
Philadelphia 76ers (8) Paul George
47%
Chicago Bulls (3) Josh Giddey
45%
Orlando Magic (4) Jalen Suggs
43%
Charlotte Hornets (24) Brandon Miller
41%
Memphis Grizzlies (22) Desmond Bane
41%
Denver Nuggets (4) Russell Westbrook
41%
Brooklyn Nets (33) Nic Claxton
39%
OKC Thunder (9) Alex Caruso
37%
Houston Rockets (12) Steven Adams
25%
Minnesota Timberwolves (00) Terrence Shannon Jr.
9%
No matching quizzes found
Score Distribution
Percent of People with Each Score
Percentile by Number Answered
Your Score History
You have not taken this quiz